书目信息 |
| 题名: |
物理化学
|
|
| 作者: | 天津大学物理化学教研室 编 | |
| 分册: | 上 | |
| 出版信息: | 北京 高等教育出版社 2017.08 |
|
| 页数: | 307页 | |
| 开本: | 26cm | |
| 丛书名: | ||
| 单 册: | ||
| 中图分类: | O64 | |
| 科图分类: | ||
| 主题词: | 物理化学 , 量子化学 | |
| 电子资源: | ||
| ISBN: | 978-7-04-047961-4 | |
| 000 | 00667nam0 2200217 450 | |
| 001 | 1940744531 | |
| 005 | 20190625112810.76 | |
| 010 | @a978-7-04-047961-4@dCNY37.80 | |
| 100 | @a20190625d2017 km y0chiy0120 ea | |
| 101 | 0 | @achi |
| 102 | @aCN@b110000 | |
| 200 | 1 | @a物理化学@Awu li hua xue@h上@f天津大学物理化学教研室编@Ftian jin da xue wu li hua xue jiao yan shi bian |
| 205 | @a6版 | |
| 210 | @a北京@c高等教育出版社@d2017.08 | |
| 215 | @a307页@d26cm | |
| 606 | 0 | @a物理化学 |
| 606 | 0 | @a量子化学 |
| 690 | @aO64@v4 | |
| 701 | 0 | @a天津大学物理化学教研室@Atian jin da xue wu li hua xue jiao yan shi@4编 |
| 801 | 0 | @aCN@bMUSE@c20190625 |
| 905 | @aMUSE@dO64@eT493=6:1 | |
| 物理化学.上/天津大学物理化学教研室编.-6版.-北京:高等教育出版社,2017.08 |
| 307页;26cm |
| ISBN 978-7-04-047961-4:CNY37.80 |
| ● |
| 相关链接 |
|
|
|
正题名:物理化学
索取号:O64/T493=6:1
 
预约/预借
| 序号 | 登录号 | 条形码 | 馆藏地/架位号 | 状态 | 备注 |
| 1 | 1048029 | 210480291 | 自科库401/401自科库 94排2列5层/ [索取号:O64/T493=6:1] | 在馆 |